| 000 | 00701nam a2200277Ia 4500 | ||
|---|---|---|---|
| 001 | 4587 | ||
| 005 | 20240113233746.0 | ||
| 007 | ta | ||
| 008 | 050613s1994 g b000 u asm u | ||
| 020 | _cHB | ||
| 040 | _aCotton College,Assam | ||
| 041 | _aasm | ||
| 082 |
_a891.412 _bBh 469 Na |
||
| 100 | _aBharali, Shalein . | ||
| 245 | 0 |
_aNatak aru Asamiya Natak / _cShalein Bharali. _hTextual Documents |
|
| 250 | _a2nd ed. / | ||
| 260 |
_aGuwahati : _bBani Prakash Pvt Ltd , _c1994. |
||
| 300 |
_a82p. ; _c22cm. |
||
| 653 | _aAssamese Drama | ||
| 653 | _aPG-Assamese | ||
| 653 | _aG-Assamese | ||
| 942 |
_2ddc _cBK |
||
| 999 |
_c4574 _d4574 |
||